000
00312nam a22001337a 4500
020
_a
81-223-1199-7
082
_a
158
_b
DAV/L
100
_a
DAVE,UTTAM
245
_a
LISTEN ME, MY DEAR YOUNG CHILD
260
_a
DELHI
_b
PUSTAK MAHAL
300
_a
104
650
_a
COMMON CONCERNS OF TEENAGERS
_z
DELHI
942
_c
BK
999
_c
5098
_d
5098